Florentský koncil a liturgická hudba

Bibliographic Details
Main Author: Hlaváčová, Anna, 1966- (Author)
Format: Article
Language:Slovak
ISSN:1335-2458
Subjects:

MARC

LEADER 00000nab a2200000 a 4500
001 vtls009512475
003 SK-MaSNL
005 20260304154516.0
008 250507c2009 xo qr|p|||||||000 b|slo
015 |a SNBRB2009/05  |2 snkbucl 
035 |a urn:nbn:sk:snk-ab7ryj 
035 |a (urnnbn)urn:nbn:sk:snk:ar-002dow 
035 |a (uuid)052e3760-e636-424a-8e13-6454e24dea6f 
038 |a SNKBUCL 
040 |a SNKBUCL  |b slo  |c SNKBUCL  |e AACR2 
041 0 |a slo  |b eng 
044 |a xo  |c SK 
080 |a 783.2:27-732.3/.4  |x (450)  |x "1439"  |2 2001 
080 |a 27-732.3/.4  |x (450)  |x "1439"  |2 2001 
100 1 |a Hlaváčová, Anna,  |d 1966-  |4 aut  |9 10741 
245 1 0 |a Florentský koncil a liturgická hudba  |c Anna A. Hlaváčová 
500 |a Poznámky 
546 |a Res. angl. 
630 0 7 |a Florentský koncil, 1439  |2 snkbucl  |9 1479257 
648 7 |a 1439  |2 snkbucl  |9 1479258 
650 0 7 |a liturgická hudba  |2 snkbucl  |9 1750 
650 0 7 |a koncily  |2 snkbucl  |9 4149 
651 7 |a Florencia (Taliansko)  |2 snkbucl  |9 19323 
773 0 |t Slovenská hudba  |g Roč. XXXIV, č. 1 (2008), s. 10-13  |x 1335-2458 
850 |a Slovenská národná knižnica 
852 |a Slovenská národná knižnica 
954 |a odborná, vedecká literatúra pôvodná (slovenská)  |2 lita 
958 |a article9 
958 |a OND 
958 |a IT 
958 |a EUIPO 
999 |c 2957963  |d 2959893